[Event "ECC"]
[Site "Halkidiki GRE"]
[Date "2002.09.23"]
[Round "2"]
[White "Egeli,P"]
[Black "Stryjecki,M"]
[Result "1/2-1/2"]
[WhiteElo "2312"]
[BlackElo "2424"]

1.c4 c6 2.Nf3 d5 3.b3 Bg4 4.e3 Nd7 5.Bb2 e6 6.Be2 Ngf6 7.O-O Bd6 8.d4 O-O
9.Ba3 Bxa3 10.Nxa3 Qe7 11.Nb1 c5 12.Nbd2 Rfd8 13.h3 Bh5 14.Qc2 Rac8 15.Qb2 cxd4
16.exd4 Ne4 17.Nxe4 dxe4 18.Ne1 Bg6 19.Rd1 e5 20.Nc2 exd4 21.Rxd4 Nc5 22.Ne3 Ne6
23.Rxd8+ Rxd8 24.Rd1 Nf4 25.Rxd8+ Qxd8 26.Bf1 Qg5 27.h4 Qc5 28.b4 Qe7 29.c5 h5
30.g3 Nd3 31.Qc3 Qd7 32.a3 a6 33.Qb3 Qd4 34.Kg2 Qa1 35.Nd1 Bf5 36.Be2 Nc1
37.Qc3 Qb1 38.Bxh5 g6 39.Ne3 Be6 40.Bd1 Nd3 41.Be2 Kh7 42.h5 Bh3+ 43.Kh2 Nxf2
44.hxg6+ Kxg6 45.Nd1 Nxd1 46.Qe1 Be6 47.Bxd1 Qb2+ 48.Qe2 Qxe2+ 49.Bxe2 Kf5
50.c6 bxc6 51.Bxa6 Bb3 52.b5 cxb5 53.Bxb5  1/2-1/2

[Event "ECC"]
[Site "Halkidiki GRE"]
[Date "2002.09.25"]
[Round "4"]
[White "Detter,P"]
[Black "Rygaard,Mic"]
[Result "0-1"]
[WhiteElo "2170"]
[BlackElo "2255"]

1.c4 c6 2.e4 d5 3.exd5 cxd5 4.cxd5 Nf6 5.Bb5+ Nbd7 6.Nc3 a6 7.Bc4 b5 8.Bb3 Nb6
9.Nge2 Bb7 10.O-O g6 11.d4 Bg7 12.a4 b4 13.a5 bxc3 14.axb6 cxb2 15.Ba4+ Kf8
16.Bxb2 Nxd5 17.Qd2 Bf6 18.Rfc1 Kg7 19.Bc6 Qxb6 20.Bxb7 Qxb7 21.Ng3 Qb4 22.Qxb4 Nxb4
23.Rc4 Nd3 24.Bc3 Rhc8 25.Raa4 Rxc4 26.Rxc4 Rb8 27.Kf1 Nf4 28.Rb4 Rxb4 29.Bxb4 Bxd4
30.Bxe7 f5 31.Ne2 Nxe2 32.Kxe2 a5 33.f3 Kf7 34.Ba3 Ke6 35.Kd3 Kd5 36.g4 fxg4
37.fxg4 Ke5 38.Bc1 Bf2 39.Ke2 Bg1 40.h4 Ke4 41.h5 Bc5 42.hxg6 hxg6 43.Bh6 Bd6
44.Kd1 Bf4 45.Bg7 Kd3 46.Bb2 Bd2 47.Ba3 Bb4 48.Bb2 a4 49.Kc1 a3 50.Bf6 Bc3  0-1

[Event "ECC"]
[Site "Halkidiki GRE"]
[Date "2002.09.26"]
[Round "5"]
[White "Barbier,W"]
[Black "Sisatto,O"]
[Result "1-0"]
[WhiteElo "2188"]
[BlackElo "2227"]

1.c4 c6 2.g3 d5 3.Nf3 dxc4 4.Qc2 b5 5.b3 cxb3 6.axb3 g6 7.Ba3 Bg7 8.d4 Nf6
9.e4 O-O 10.Bg2 Nfd7 11.O-O Bb7 12.Rd1 a5 13.e5 Nb6 14.Bc5 Nd5 15.Ng5 Na6
16.Ne4 Nxc5 17.Nxc5 Bc8 18.Nc3 Bg4 19.Re1 Nb4 20.Qd2 Bf5 21.Rac1 Ra7 22.Red1 Qb6
23.Qe2 Kh8 24.g4 Bc8 25.h3 Bh6 26.Ra1 Rd8 27.Qe4 Nd5 28.Ne2 Bg7 29.f4 Kg8
30.f5 Kh8 31.Rd3 Nb4 32.Rf3 Rxd4 33.Nxd4 Qxc5 34.f6 Bh6 35.Kh1 Nd5 36.Rd3 exf6
37.Nxc6 Qxc6 38.Rxd5 Kg7 39.exf6+ Qxf6 40.Rf1 Qe6 41.Qd4+  1-0

[Event "ECC"]
[Site "Halkidiki GRE"]
[Date "2002.09.27"]
[Round "6"]
[White "Kocsis,Le"]
[Black "Karttunen,M"]
[Result "1/2-1/2"]
[WhiteElo "2392"]
[BlackElo "2434"]

1.c4 c6 2.b3 d5 3.Bb2 Nf6 4.g3 g6 5.Bg2 Bg7 6.Nf3 O-O 7.O-O a5 8.Na3 Na6
9.d3 e6 10.Qd2 b6 11.Rfc1 Bb7 12.Qe1 Nc5 13.Rab1 Nfd7 14.Bxg7 Kxg7 15.Nc2 Qf6
16.cxd5 exd5 17.Ncd4 Rfc8 18.Qc3 Rc7 19.a3 Ne6 20.b4 axb4 21.axb4 c5 22.bxc5 bxc5
23.Nb5 Qxc3 24.Nxc3 Bc6 25.Nd2 Nf6 26.Rb6 Ra3 27.Kf1 h5 28.h4 Nd4 29.Rb2 c4
30.Ncb1 Ra4 31.dxc4 dxc4 32.Bxc6 Rxc6 33.e3 Nf5 34.Rbc2 Nd6 35.Nc3 Ra5 36.Ke2 Nd7
37.Nce4 Nxe4 38.Nxe4 Ra4 39.Nc3 Ra5 40.Ne4 Nb6 41.Nd2 Ra4 42.e4 f6 43.f3 Kf7
44.Rc3 Ke7 45.Ke3 Rb4 46.R1c2 f5 47.Rc1 fxe4 48.fxe4 Re6 49.Kf3 Rc6 50.Ke3 Re6  1/2-1/2

[Event "ECC"]
[Site "Halkidiki GRE"]
[Date "2002.09.27"]
[Round "6"]
[White "Titz,Hei"]
[Black "Kaganskiy,G"]
[Result "0-1"]
[WhiteElo "2309"]
[BlackElo "2332"]

1.c4 c6 2.Nf3 d5 3.e3 Nf6 4.Nc3 e6 5.b3 Nbd7 6.Bb2 Be7 7.Be2 O-O 8.O-O b6
9.d4 Bb7 10.Rc1 Rc8 11.Bd3 c5 12.cxd5 Nxd5 13.Nxd5 Bxd5 14.Qe2 Bb7 15.Rfd1 cxd4
16.Nxd4 Rxc1 17.Rxc1 Nc5 18.Bc4 Bf6 19.Rd1 Qa8 20.f3 Rd8 21.b4 Na4 22.Ba1 a6
23.Bb3 b5 24.Rc1 Nb6 25.Bb2 Bd5 26.Bxd5 Nxd5 27.Nc6 Rc8 28.Bxf6 Rxc6 29.Rxc6 Qxc6
30.Bb2 Nxb4 31.Qd2 Nd5 32.Qd4 f6 33.Kf2 e5 34.Qd3 a5 35.a3 Qc5 36.g4 Kf7
37.h4 g6 38.g5 Qc4 39.Qxc4 bxc4 40.gxf6 Kxf6 41.e4 c3 42.Bc1 Nf4 43.Bxf4 exf4
44.Ke2 h5 45.Kd3 g5 46.hxg5+ Kxg5  0-1

[Event "ECC"]
[Site "Halkidiki GRE"]
[Date "2002.09.28"]
[Round "7"]
[White "Soffer,R"]
[Black "Hautot,S"]
[Result "1-0"]
[WhiteElo "2492"]
[BlackElo "2273"]

1.c4 c6 2.Nf3 Nf6 3.b3 d5 4.Bb2 Bf5 5.g3 h6 6.Bg2 e6 7.O-O Be7 8.d3 Nbd7
9.Nbd2 O-O 10.a3 a5 11.Qc2 Re8 12.Bc3 Bd6 13.e4 dxe4 14.dxe4 Bh7 15.b4 axb4
16.axb4 Qc7 17.Qb2 Rxa1 18.Rxa1 Nxe4 19.Nxe4 Bxe4 20.Rd1 e5 21.Qd2 Re6 22.c5 Nxc5
23.bxc5 Bxc5 24.Bxe5 Qe7 25.Qd8+ Qe8 26.Qc7 Be7 27.Bd6 Bd5 28.Bxe7 Rxe7 29.Qb6 Qc8
30.Nh4 Qg4 31.Ra1 Rd7 32.Ra8+ Kh7 33.Qb1+ g6 34.Qa1 f6 35.Qxf6 Rg7 36.Nf3 b5
37.Qf8 Bg8 38.Rb8 Qd7 39.Ne5 Qd1+ 40.Bf1 Qd5 41.Ng4  1-0

[Event "CUPA TC IND"]
[Site "Ploiesti ROM"]
[Date "2002.09.28"]
[Round "8"]
[White "Lazar,I"]
[Black "Dobrin,C"]
[Result "1-0"]
[WhiteElo "2119"]
[BlackElo "2069"]

1.c4 c6 2.d4 d5 3.Nd2 Nf6 4.Ngf3 Bf5 5.Nh4 Bg6 6.Nxg6 hxg6 7.e3 e6 8.Bd3 Bd6
9.h3 Nbd7 10.c5 Bc7 11.Nf3 e5 12.dxe5 Nxe5 13.Nxe5 Bxe5 14.Qc2 O-O 15.Bd2 Qe7
16.O-O Ne4 17.Bxe4 dxe4 18.Rad1 Rfd8 19.Ba5 Rd3 20.b3 Bc7 21.Bxc7 Qxc7 22.Rxd3 exd3
23.Qxd3 Rd8 24.Qc2 Qa5 25.a4 Rd5 26.Rc1 Qb4 27.Kf1 Rd2 28.Qc3 a5 29.Qxb4 axb4
30.Rc4 Rd5 31.Rxb4 Rxc5 32.Rxb7 Rc2 33.b4 Rb2 34.a5 f6 35.a6 Ra2 36.Rb6 Ra4
37.Rxc6 Rxb4 38.a7 Ra4 39.Rc8+ Kf7 40.a8=Q  1-0

[Event "11th Monarch Assurance"]
[Site "Port Erin IOM"]
[Date "2002.09.28"]
[Round "1"]
[White "Rotstein,A"]
[Black "Ledger,A"]
[Result "1/2-1/2"]
[WhiteElo "2557"]
[BlackElo "2408"]

1.c4 c6 2.Nf3 d5 3.e3 Nf6 4.Nc3 Bg4 5.cxd5 Bxf3 6.gxf3 cxd5 7.Qb3 Qd7 8.d4 Nc6
9.Bd2 e6 10.Na4 Rb8 11.Rc1 Bd6 12.Nc5 Qe7 13.f4 O-O 14.Bg2 Nd7 15.Nd3 g5
16.f5 Nf6 17.fxe6 fxe6 18.Qd1 Qg7 19.O-O g4 20.Bc3 Ne7 21.Bb4 Bxb4 22.Nxb4 Nf5
23.Nd3 Nh4 24.Ne5 h5 25.Kh1 Nxg2 26.Kxg2 Ne4 27.Rc2 Rf5 28.Qc1 Rbf8 29.Rc8 h4
30.Rxf8+ Rxf8 31.Qd1 h3+ 32.Kg1 Ng5 33.Qxg4 Nf3+ 34.Kh1 Qxg4 35.Nxg4 Rc8
36.b4 Kf7 37.Ne5+ Nxe5 38.dxe5 Kg6 39.Kg1 Kf5 40.f4 Ke4 41.Kf2 Rc2+ 42.Kg3 Rxa2
43.Kxh3 Re2 44.Kg4 Rg2+ 45.Kh5 Kxe3 46.f5 exf5 47.e6 Rxh2+ 48.Kg5 Re2 49.Rxf5 Kd4
50.Kf6 a6 51.e7 b5 52.Rf1 Kc4 53.Rb1 d4 54.Kf7 Kc3 55.e8=Q Rxe8 56.Kxe8 d3
57.Kd7 Kc2 58.Rh1 Kc3 59.Rb1 Kc2 60.Rg1 Kc3 61.Rg3 Kc4 62.Rg4+ Kc3 63.Kc6 d2
64.Rg3+ Kc4 65.Rg4+ Kc3  1/2-1/2

[Event "7th ECCW"]
[Site "Antalya TUR"]
[Date "2002.09.29"]
[Round "1"]
[White "Bojkovic,N"]
[Black "Kononenko,T"]
[Result "1/2-1/2"]
[WhiteElo "2424"]
[BlackElo "2388"]

1.c4 c6 2.e4 d5 3.exd5 cxd5 4.d4 Nf6 5.Nc3 e6 6.Nf3 Be7 7.cxd5 Nxd5 8.Bd3 Nc6
9.O-O O-O 10.Re1 Bf6 11.Be4 Nce7 12.Ne5 Bd7 13.Qd3 g6 14.Bh6 Bg7 15.Bxg7 Kxg7
16.Bxd5 exd5 17.Qf3 Bf5 18.Rad1 f6 19.Nd3 Bxd3 20.Qxd3 Qd7 21.h3 Rad8 22.Ne2 Nc6
23.Nc3 Rfe8 24.Rxe8 Rxe8 25.Qb5 Rd8 26.Kf1 Kf7 27.Rd2 Ne7 28.Qxd7 Rxd7 29.Ke2 Nc6  1/2-1/2

[Event "Autumn III"]
[Site "Alushta UKR"]
[Date "2002.10.01"]
[Round "6"]
[White "Gasanov,E"]
[Black "Pisakov,I"]
[Result "1-0"]
[WhiteElo "2471"]
[BlackElo "2260"]

1.c4 c6 2.Nf3 d5 3.e3 Nf6 4.Nc3 e6 5.b3 Nbd7 6.Qc2 Bd6 7.Bb2 O-O 8.Be2 e5
9.cxd5 Nxd5 10.Ne4 Bc7 11.d3 Re8 12.O-O f5 13.Ned2 N7f6 14.e4 Nf4 15.Nc4 Ng6
16.Rad1 b5 17.exf5 Bxf5 18.Ne3 Bd7 19.Ng5 Nd5 20.Ne4 Bb6 21.Qc1 Qe7 22.Ba3 b4
23.Bb2 Rf8 24.Kh1 Rxf2 25.Rxf2 Bxe3 26.Qc4 Bxf2 27.Nxf2 Kh8 28.Re1 Rf8 29.Bf3 Qh4
30.Qc5 Bg4 31.Rxe5 Bxf3 32.gxf3 Qf4 33.Bd4  1-0

[Event "Autumn III"]
[Site "Alushta UKR"]
[Date "2002.10.02"]
[Round "7"]
[White "Kozlov,Vi"]
[Black "Yagupov,I"]
[Result "0-1"]
[WhiteElo "2340"]
[BlackElo "2460"]

1.c4 c6 2.Nf3 d5 3.d4 e6 4.Nc3 dxc4 5.e3 b5 6.a4 Bb4 7.Bd2 a5 8.axb5 Bxc3
9.Bxc3 cxb5 10.b3 Bb7 11.d5 Nf6 12.bxc4 b4 13.Bxf6 Qxf6 14.Qa4+ Nd7 15.Nd4 e5
16.Nb3 Ke7 17.Qb5 Ba6 18.Qxa5 Rhb8 19.d6+ Ke8 20.Qd5 Bb7 21.Qd2 Rxa1+ 22.Nxa1 Bc6
23.Nb3 Ba4 24.Qa2 Bxb3 25.Qxb3 e4  0-1

[Event "11th Monarch Assurance"]
[Site "Port Erin IOM"]
[Date "2002.10.06"]
[Round "9"]
[White "Kunte,A"]
[Black "Orr,M"]
[Result "1/2-1/2"]
[WhiteElo "2477"]
[BlackElo "2332"]

1.c4 c6 2.e4 d5 3.exd5 cxd5 4.d4 Nf6 5.Nc3 Nc6 6.Bg5 e6 7.Nf3 Be7 8.c5 O-O
9.Bb5 Ne4 10.Bxe7 Qxe7 11.O-O Bd7 12.Re1 Nxc3 13.bxc3 b6 14.c4 bxc5 15.Qa4 Qd6
16.dxc5 Qc7 17.cxd5 exd5 18.Qd1 Nb8 19.Bxd7 Qxd7 20.Ne5 Qe6 21.Qa4 Qa6 22.Qg4 Qe6
23.Qa4 Qa6 24.Qd4 Nc6 25.Qxd5 Nxe5 26.Qxe5 Rac8 27.h3 h6 28.Rac1 Rc6 29.Qd5 Rc7
30.Re3 Qc6 31.Qe5 Rfc8 32.Rg3 g6 33.Rd3 Re8 34.Qf4 g5 35.Qg3 Rd7 36.Rd6 Rxd6
37.Qxd6 Qxd6 38.cxd6 Rd8 39.Rc6 Rd7 40.f4 Kg7 41.Kf2 Kf6 42.Kf3 Ke6 43.Ra6 f5
44.Ke3 Rxd6 45.Rxa7 Kf6 46.a4 Re6+ 47.Kf3 Rb6 48.a5 Rb3+ 49.Kf2 Rb2+ 50.Kg1 gxf4
51.a6 Ra2 52.Ra8 f3 53.a7 f2+ 54.Kf1 Kg7 55.g3 Kh7 56.Rf8 Rxa7 57.Rxf5 Kg7
58.Kxf2 Kg6 59.Re5 Rf7+ 60.Ke3 Rf6 61.Ke4 Ra6 62.Rd5 Re6+ 63.Kf3 Rf6+ 64.Kg2 Ra6
65.Re5 Rb6 66.g4 Rb2+ 67.Kf3 Rb3+ 68.Re3 Rxe3+  1/2-1/2

[Event "TCh-CZE 2002-3"]
[Site "Czech Rep CZE"]
[Date "2002.10.12"]
[Round "1"]
[White "Jirovsky,M"]
[Black "Zurek,M"]
[Result "1-0"]
[WhiteElo "2457"]
[BlackElo "2446"]

1.c4 c6 2.d4 d5 3.Nc3 dxc4 4.Nf3 b5 5.a4 b4 6.Ne4 Nf6 7.Ng3 h5 8.h4 Ba6 9.e4 e6
10.Be2 c5 11.O-O cxd4 12.Nxd4 Bc5 13.Be3 Bxd4 14.Qxd4 Qxd4 15.Bxd4 Nc6 16.Bc5 Nd7
17.Bd6 O-O-O 18.f4 Kb7 19.Rfd1 e5 20.fxe5 Ndxe5 21.Rd5 Ng4 22.Bc5 Nf6 23.Rg5 Nd7
24.Bd6 g6 25.Rf1 Rh7 26.a5 b3 27.Rc1 f6 28.Rxg6 Nce5 29.Bxe5 Nxe5 30.Rxf6 Rd2
31.Re6 Rc2 32.Rf1 Nc6 33.e5 Nd4 34.Bf3+ Nxf3+ 35.Rxf3 c3 36.Ne4 cxb2 37.Rxb3+ Kc7
38.Rxa6 Rh8 39.Rxa7+ Kc6 40.Rab7  1-0

[Event "TCh-SWE"]
[Site "Helsingborg SWE"]
[Date "2002.10.12"]
[Round "2"]
[White "Ornstein,A"]
[Black "Hellsten,J"]
[Result "1-0"]
[WhiteElo "2426"]
[BlackElo "2481"]

1.c4 c6 2.e4 d5 3.exd5 Nf6 4.Nc3 cxd5 5.d4 e6 6.Nf3 Bb4 7.Bd3 dxc4 8.Bxc4 O-O
9.O-O a6 10.a3 Bxc3 11.bxc3 b5 12.Bd3 Bb7 13.a4 Qc7 14.Bd2 bxa4 15.Re1 Nbd7
16.c4 Rfe8 17.Ne5 Nxe5 18.Rxe5 Qc6 19.Bf1 Ne4 20.Be3 Nd6 21.Qxa4 Rec8 22.Qxc6 Rxc6
23.c5 Ne8 24.d5 exd5 25.Bb5 Re6 26.Rxe6 fxe6 27.Bd7 Kf7 28.Rb1 Bc8 29.Bc6 Ra7
30.Bf4 Nf6 31.Rb8 g5 32.Bg3 Bd7 33.Bb7 d4 34.c6 d3 35.Kf1 e5 36.Bxe5 d2 37.Ke2 Bxc6
38.Bxc6 Re7 39.Rb7  1-0

[Event "TCh-AUT B"]
[Site "Mitte AUT"]
[Date "2002.10.12"]
[Round "2"]
[White "Herrmann,J"]
[Black "Hebesberger,T"]
[Result "1/2-1/2"]
[WhiteElo "2238"]
[BlackElo "2322"]

1.c4 c6 2.d4 d5 3.e3 Nf6 4.Nc3 a6 5.a4 Bf5 6.Qb3 Ra7 7.Nf3 e6 8.Be2 Bd6 9.Bd2 Nbd7
10.O-O O-O 11.Rfd1 a5 12.Rac1 Re8 13.h3 h6 14.Be1 Bb8 15.Bf1 Ne4 16.Nxe4 Bxe4
17.Nd2 Bg6 18.f4 f5 19.Be2 Bd6 20.Nf3 Bh5 21.Rc2 Bxf3 22.Bxf3 dxc4 23.Qxc4 Nb6
24.Qb3 Nd5 25.g3 Qd7 26.e4 fxe4 27.Bxe4 Kh8 28.Qf3 Rf8 29.Re2 Qf7 30.Qg4 Ne7
31.Bc2 Nf5 32.Bb3 Re8 33.Bc3 b6 34.Rde1 Rae7 35.h4 h5 36.Qg5 b5 37.axb5 cxb5
38.Re4 b4 39.Bd2 g6 40.Ba4 Rc8 41.Bb3 Rce8 42.Ba4 Rc8 43.Bb3 Rce8  1/2-1/2

[Event "FIDE Women's World Cup Gp D"]
[Site "Hyderabad IND"]
[Date "2002.10.13"]
[Round "4"]
[White "Peng Zhaoqin"]
[Black "Meenakshi,S"]
[Result "0-1"]
[WhiteElo "2443"]
[BlackElo "2309"]

1.c4 c6 2.e4 d5 3.exd5 cxd5 4.d4 Nf6 5.Nc3 Nc6 6.Nf3 e6 7.Be2 dxc4 8.Bxc4 Be7
9.O-O O-O 10.Re1 b6 11.a3 Bb7 12.Ba2 Rc8 13.Bf4 Na5 14.Rc1 Bd6 15.Bg5 h6
16.Bh4 Bf4 17.Rc2 Bxf3 18.Qxf3 Qxd4 19.Bxf6 Qxf6 20.Rce2 Bb8 21.Qxf6 gxf6
22.g3 Nc4 23.Bxc4 Rxc4 24.Rd2 Be5 25.Ne2 f5 26.b3 Rc7 27.a4 Rfc8 28.Red1 Kf8
29.Kg2 Rc2 30.Nd4 Rxd2 31.Rxd2 Ke7 32.Nf3 Bf6 33.Nd4 Rc5 34.Kf1 a6 35.Ke2 Rc3
36.b4 Rc4 37.Nc2 a5 38.Kd3 Rc3+ 39.Ke2 axb4 40.Nxb4 Rc4 41.Na6 Rxa4 42.Nb8 Be5
43.Nc6+ Kf6 44.Rd7 Ra2+ 45.Ke3 Ra3+ 46.Ke2 Rc3 47.Nxe5 Kxe5 48.Rxf7 b5 49.Rh7 b4
50.Rxh6 b3 51.Rh8 Kd4 52.Rd8+ Kc4 53.Rb8 Rc2+ 54.Ke3 b2 55.Rc8+ Kb3 56.Rb8+ Ka2
57.Ra8+ Kb1 58.h4 Kc1 59.Rb8 b1=Q 60.Rxb1+ Kxb1 61.h5 e5  0-1

[Event "TCh-AUT B"]
[Site "Mitte AUT"]
[Date "2002.10.13"]
[Round "3"]
[White "Konopka,M"]
[Black "Haba,P"]
[Result "1/2-1/2"]
[WhiteElo "2449"]
[BlackElo "2534"]

1.c4 c6 2.e4 d5 3.exd5 cxd5 4.cxd5 Nf6 5.Qa4+ Nbd7 6.Nc3 g6 7.Nf3 Bg7 8.Qb3 O-O
9.Bc4 a6 10.a4 Qc7 11.O-O Nb6 12.d3 Bf5 13.Re1 Nxc4 14.dxc4 Rfc8 15.Bg5 h6
16.Bxf6 Bxf6 17.Ne4  1/2-1/2

[Event "TCh-BEL 2001-2"]
[Site "Belgium BEL"]
[Date "2002.10.14"]
[Round "9"]
[White "Hauchard,A"]
[Black "Hoogendoorn,J"]
[Result "1/2-1/2"]
[WhiteElo "2518"]
[BlackElo "2388"]

1.c4 c6 2.Nf3 d5 3.e3 Nf6 4.Nc3 e6 5.b3 Be7 6.Bb2 O-O 7.Be2 Nbd7 8.Qc2 Re8
9.O-O a6 10.Rab1 e5 11.Ba1 Bd6 12.b4 e4 13.Nd4 dxc4 14.f4 exf3 15.gxf3 Nd5
16.Bxc4 Bxh2+ 17.Kxh2 Ne5 18.Bxd5 Qh4+ 19.Kg1 Qg3+ 20.Kh1 Qh4+ 21.Kg1 Qg3+  1/2-1/2

[Event "Essent Open"]
[Site "Hoogeveen NED"]
[Date "2002.10.16"]
[Round "6"]
[White "Solleveld,Maa"]
[Black "Hanley,C"]
[Result "1/2-1/2"]
[WhiteElo "2453"]
[BlackElo "2345"]

1.c4 c6 2.e4 e5 3.Nf3 d6 4.Nc3 Bg4 5.Be2 Nf6 6.d4 Nbd7 7.Be3 Be7 8.Nd2 Bxe2
9.Qxe2 O-O 10.O-O a6 11.d5 cxd5 12.cxd5 g6 13.Rac1 Nh5 14.g3 Rc8 15.Rc2 Bg5
16.f4 exf4 17.gxf4 Bh6 18.Nb3 Qh4 19.Qf2 Qxf2+ 20.Rcxf2 Ne5 21.Bd4 Nd3 22.Rf3 Nhxf4
23.Be3 Nxb2 24.Bxf4 Bxf4 25.Rxf4 Rxc3 26.Nd4 Rcc8 27.Rb1 Nd3 28.Rf6 Rc4 29.Nf3 Rxe4
30.Rxb7 Rf4 31.Rxf4 Nxf4 32.Rd7 Rb8 33.Rxd6 Rb2 34.Rd8+ Kg7 35.d6 Ne6 36.Rd7 Kf6
37.a4 Rb4 38.Ra7 Rxa4 39.Kf2 g5 40.Ke3 h5 41.Nd2 Ke5 42.d7 g4 43.Ra8 Rd4
44.Rxa6 Rxd7 45.Ra5+ Kf6 46.Rxh5 Kg6 47.Ra5 f5 48.Ra6 Re7 49.Nc4 Kg5 50.Ra5 Nf4+
51.Kf2 Re2+ 52.Kf1 Re6 53.Kf2 Nd3+ 54.Kg3 Rh6 55.Ne5 Rh3+ 56.Kg2 Nf4+ 57.Kg1 Rb3
58.Nc4 Rb1+ 59.Kf2 Nh3+ 60.Ke2 Rh1 61.Nd6 Rxh2+ 62.Ke3 g3 63.Nxf5 g2 64.Nd4+ Kg4
65.Ne2 Nf4 66.Ng1 Rh6 67.Ra4 Re6+ 68.Kf2 Re5 69.Rxf4+ Kxf4 70.Kxg2  1/2-1/2

[Event "Bundesliga 2002-3"]
[Site "Baden-Baden GER"]
[Date "2002.10.19"]
[Round "1"]
[White "Jussupow,A"]
[Black "Dautov,R"]
[Result "1/2-1/2"]
[WhiteElo "2622"]
[BlackElo "2617"]

1.c4 c6 2.d4 d5 3.Nf3 Nf6 4.e3 Bg4 5.h3 Bxf3 6.Qxf3 e6 7.Nc3 Nbd7 8.Bd3 Bd6
9.O-O O-O 10.Rd1 Qe7 11.Bd2 Rfe8 12.Bf1 Rad8 13.Rac1 h6 14.a3 a6 15.Re1 Bb8
16.g3 dxc4 17.Bxc4 e5 18.Ba2 Nc5 19.Qf5 Qd7 20.Qxd7 Rxd7 21.dxc5 Rxd2 22.Re2 Rxe2
23.Nxe2 Rd8 24.Nc3 e4 25.Kf1 Rd2 26.Na4 Kf8 27.Ke1 Rd7 28.Rc4 Re7 29.Bb1 h5
30.h4 g6 31.Ke2 Kg7 32.b3 Be5 33.Nb6 Bc7 34.Na4 Be5 35.Nb6 Bc7 36.Na4  1/2-1/2

[Event "Essent Open"]
[Site "Hoogeveen NED"]
[Date "2002.10.19"]
[Round "9"]
[White "Hanley,C"]
[Black "Van de Oudeweetering,A"]
[Result "1/2-1/2"]
[WhiteElo "2345"]
[BlackElo "2413"]

1.c4 c6 2.d4 d5 3.cxd5 cxd5 4.Nc3 Nf6 5.Bf4 Nc6 6.e3 Bf5 7.Bd3 Bxd3 8.Qxd3 e6
9.Nf3 Be7 10.h3 Nd7 11.O-O g5 12.Bg3 h5 13.Nb5 Rc8 14.Ne5 Ndxe5 15.Bxe5 f6
16.Bh2 Kf7 17.Rad1 Qb6 18.Nd6+ Bxd6 19.Bxd6 Nxd4 20.Qxd4 Qxd6 21.Qxa7 Qa6
22.Qxa6 bxa6 23.Rc1 e5 24.b4 Ke6 25.Rfd1 Kd6 26.a4 Rxc1 27.Rxc1 Rb8 28.Rb1 d4
29.exd4 exd4 30.Kf1 Kd5 31.Ke2 Kc4 32.Rc1+ Kb3 33.Rc6 Rxb4 34.Rxa6 Kc4 35.Rc6+ Kd5
36.Rxf6 g4 37.hxg4 hxg4 38.a5  1/2-1/2

[Event "TCh-BEL 2002-3"]
[Site "Belgium BEL"]
[Date "2002.10.20"]
[Round "2"]
[White "Plomp,G"]
[Black "Petzold,K"]
[Result "0-1"]
[WhiteElo "2226"]
[BlackElo "2260"]

1.c4 c6 2.Nf3 d5 3.g3 Bg4 4.Bg2 Nd7 5.cxd5 cxd5 6.Qa4 Nf6 7.Ne5 Qc7 8.Nd3 Bf5
9.O-O Bxd3 10.exd3 e6 11.b3 Be7 12.Ba3 Bxa3 13.Nxa3 O-O 14.Rac1 Qb6 15.d4 Nb8
16.Rc3 Nc6 17.Nc2 Ne8 18.Rc1 Nd6 19.Rc5 a6 20.Qa3 Rfc8 21.Qb2 Qd8 22.Qc3 Nb5
23.Qd3 b6 24.Rc3 Nxc3 25.dxc3 b5 26.f4 Ne7 27.Ne3 Ra7 28.Bh3 Rac7 29.f5 exf5
30.Nxf5 Nxf5 31.Bxf5 Qg5 32.Re1 Rd8 33.Bxh7+ Kh8 34.h4 Qf6 35.Bf5 Re7 36.Rxe7 Qxe7
37.Qf3 Kg8 38.Kg2 Rd6 39.Bd3 Qd8 40.Qf5 Rg6 41.h5 Rh6 42.a4 bxa4 43.bxa4 g6
44.hxg6 Rxg6 45.Qh5 Rf6 46.g4 Qd6 47.g5 Re6 48.Kf3 Qc6 49.Qh7+ Kf8 50.c4 dxc4+
51.Be4 Qxa4 52.d5 Qd1+ 53.Kf2 Qd4+ 54.Kf3 Qxe4+ 55.Qxe4 Rxe4 56.Kxe4 Ke7
57.Kd4 c3 58.Kxc3 Kd6 59.Kd4 a5 60.Kc4 a4 61.Kb4 Kxd5 62.Kxa4 Ke5 63.Kb5 Kf5
64.Kc4 Kxg5 65.Kd3 Kf4 66.Ke2 Kg3  0-1

[Event "TCh-BEL 2002-3"]
[Site "Belgium BEL"]
[Date "2002.10.20"]
[Round "2"]
[White "Cekro,E"]
[Black "Vanderstricht,G"]
[Result "1/2-1/2"]
[WhiteElo "2432"]
[BlackElo "2403"]

1.c4 c6 2.Nf3 d5 3.b3 Bg4 4.e3 e6 5.Bb2 Nd7 6.h3 Bh5 7.Be2 Ngf6 8.O-O a5
9.Nc3 Be7 10.d4 O-O 11.Nd2 Bg6 12.Bf3 Re8 13.e4 dxe4 14.Ndxe4 Nxe4 15.Nxe4 Bf8
16.Bc3 e5 17.d5 Bxe4 18.Bxe4 Nf6 19.Re1 cxd5 20.cxd5 Bb4 21.Bxb4 axb4 22.Qd2 Qd6
23.Rac1 Red8 24.Rc4 g6 25.Qxb4 Rxa2 26.Bf3 e4 27.Bxe4 Nxe4 28.Rcxe4 Qxb4
29.Rxb4 Rxd5 30.Rxb7 Rdd2 31.Rf1 Rab2  1/2-1/2

[Event "Olympiad"]
[Site "Bled SLO"]
[Date "2002.10.28"]
[Round "3"]
[White "Bistric,F"]
[Black "Labollita,M"]
[Result "1-0"]
[WhiteElo "2484"]
[BlackElo "2392"]

1.c4 c6 2.e4 d5 3.exd5 Nf6 4.Nc3 cxd5 5.d4 e6 6.Nf3 Be7 7.Bg5 O-O 8.Rc1 b6
9.a3 Bb7 10.Bd3 Ne4 11.Bxe7 Qxe7 12.Qc2 Ng5 13.Nxg5 Qxg5 14.cxd5 Qxg2 15.Bxh7+ Kh8
16.Be4 Qg5 17.dxe6 Bxe4 18.Nxe4 Qg2 19.Kd2 f5 20.Ng3 Na6 21.Ne2 Nc5 22.Rcg1 Ne4+
23.Kc1 Qf3 24.Kb1 Rfc8 25.Qd1 Nxf2 26.Qf1 Qe4+ 27.Ka1 Nxh1 28.Nf4 Qe3 29.Rxh1 Kh7
30.Rg1 Rc2 31.Qd1 Rxh2 32.Nd5 Qe2 33.Qb1 Kh8 34.Rh1 Re8 35.Rxh2+ Qxh2 36.Qxf5 Qe2
37.e7 Kg8 38.Nf6+  1-0

[Event "Olympiad"]
[Site "Bled SLO"]
[Date "2002.10.28"]
[Round "3"]
[White "Christiansen,L"]
[Black "Sadykov,R"]
[Result "1/2-1/2"]
[WhiteElo "2566"]
[BlackElo "2400"]

1.c4 c6 2.e4 d5 3.exd5 cxd5 4.d4 Nf6 5.Nc3 e6 6.Nf3 Bb4 7.cxd5 Nxd5 8.Qc2 Nc6
9.Be2 O-O 10.O-O Be7 11.Rd1 Bf6 12.Ne4 Nce7 13.Nxf6+ Nxf6 14.Bg5 Ned5 15.Ne5 b6
16.Bf3 Bb7 17.Qa4 Qe8 18.Qa3 Qb5 19.Rac1 a5 20.Bxf6 gxf6 21.Ng4 Kg7 22.Bxd5 Qxd5
23.Qh3 h5 24.Ne3 Qg5 25.d5 Bxd5 26.Nxd5 exd5 27.Rc3 h4 28.f4 Qxf4 29.Rf3 Qe4
30.Rdf1 Qd4+ 31.Kh1 Rfe8 32.Qf5 Re6 33.Rf4 Qe5 34.Qg4+ Kf8 35.Qxh4 Ke7 36.Qf2 Rh8
37.h3 Rh5 38.b4 axb4 39.Rxb4 Qc3 40.Rf4 Re3 41.Kg1 Re6 42.a4 Qc5 43.Kh2 Rh6
44.Qd2 Rh5 45.Rxf6 Rxh3+ 46.Kxh3 Rxf6 47.Qg5 Qd4 48.Rxf6 Qxf6 49.Qxd5 Qh6+  1/2-1/2

[Event "10th Chigorin Mem"]
[Site "St Petersburg RUS"]
[Date "2002.10.28"]
[Round "4"]
[White "Fominyh,A"]
[Black "Yagupov,I"]
[Result "1-0"]
[WhiteElo "2529"]
[BlackElo "2468"]

1.c4 c6 2.d4 d5 3.Nf3 Nf6 4.Qc2 dxc4 5.Qxc4 Bf5 6.g3 e6 7.Bg2 Nbd7 8.O-O Be7
9.e3 O-O 10.Rd1 Rc8 11.Nc3 b5 12.Qe2 b4 13.Nb1 Qa5 14.Nbd2 c5 15.e4 Bg4 16.h3 Bxf3
17.Bxf3 cxd4 18.Nb3 Qb6 19.e5 Nd5 20.Nxd4 Rfd8 21.Bxd5 exd5 22.Bf4 Nc5 23.Nf5 Qe6
24.Qg4 g6 25.Nxe7+ Qxe7 26.Bg5 Qxe5 27.Bxd8 Rxd8 28.Qd4 Qxd4 29.Rxd4 b3 30.a3 Ne4
31.Rc1 Rd6 32.Kg2 h5 33.f3 Nf6 34.Rc3 Re6 35.Kf2 g5 36.g4 hxg4 37.hxg4 Kg7
38.Rxb3 Re8 39.Ra4 Re7 40.Re3 Rb7 41.Rb4 Rc7 42.Rc3 Re7 43.Rb8 Kg6 44.Rd8 Kg7
45.b4 Re6 46.Rdc8  1-0

[Event "10th Chigorin Mem"]
[Site "St Petersburg RUS"]
[Date "2002.10.28"]
[Round "4"]
[White "Kirusha,A"]
[Black "Asanov,Ti"]
[Result "1/2-1/2"]
[WhiteElo "2386"]
[BlackElo "2427"]

1.c4 c6 2.e4 d5 3.exd5 cxd5 4.d4 Nf6 5.Nc3 g6 6.cxd5 Bg7 7.Qb3 O-O 8.Be2 Nbd7
9.Bf3 Nb6 10.Nge2 Bg4 11.Bxg4 Nxg4 12.Bf4 Qd7 13.O-O Nf6 14.d6 exd6 15.Nb5 d5
16.Rac1 Nc4 17.a4 a6 18.Nbc3 Nh5 19.Rfe1 Rac8 20.h3 Bxd4 21.Bh6 Bg7 22.Bxg7 Kxg7
23.Red1 Qe6 24.Qxb7 Rb8 25.Qxd5 Qxd5 26.Rxd5 Nf6 27.Rd4 Nxb2 28.Rb1 Rfc8
29.Rd6 a5 30.Ra6 Nc4 31.Rb5 Ra8 32.Rxa8 Rxa8 33.Rb7 Ne8 34.Nb5 Ned6 35.Nxd6 Nxd6
36.Rb6 Nc4 37.Rc6 Nb2 38.Nc3 Rb8 39.Rc5 Rb3  1/2-1/2

[Event "IM It"]
[Site "Rosny sous Bois FRA"]
[Date "2002.10.30"]
[Round "5"]
[White "Wirig,A"]
[Black "Maitesian,S"]
[Result "1/2-1/2"]
[WhiteElo "2350"]
[BlackElo "2305"]

1.c4 c6 2.d4 d5 3.cxd5 cxd5 4.Nc3 Nf6 5.Nf3 Nc6 6.Bf4 Qb6 7.Na4 Qa5+ 8.Bd2 Qd8
9.e3 Ne4 10.Nc3 Nxd2 11.Qxd2 e6 12.Be2 Bd6 13.Rc1 Bd7 14.O-O g5 15.Ne1 h5
16.Nd3 f5 17.f4 g4 18.Nb5 Be7 19.Nc3 O-O 20.Rfd1 Nb4 21.Nxb4 Bxb4 22.a3 Be7
23.Bd3 Rc8 24.Ne2 Rxc1 25.Rxc1 Qb6 26.Rc3 Rc8 27.Rxc8+ Bxc8 28.Qc3 Bd7 29.Nc1 Qc6
30.Qxc6 Bxc6 31.Bc2 Bb5 32.Nd3 Bxd3 33.Bxd3 a6 34.Kf2 Kf7 35.Ke2 h4 36.h3 g3
37.Kd2 Ke8 38.Be2 Kd7 39.Bh5 Bd8 40.Kc3 Ba5+ 41.b4 Bc7 42.Bf7 a5 43.Bg6 axb4+
44.axb4 Bd6 45.Bf7 b6 46.Bg6 Ke7  1/2-1/2

[Event "6th OIBM"]
[Site "Bad Wiessee GER"]
[Date "2002.10.31"]
[Round "6"]
[White "Golod,V"]
[Black "Burmakin,V"]
[Result "1-0"]
[WhiteElo "2523"]
[BlackElo "2581"]

1.c4 c6 2.d4 d5 3.Nf3 Nf6 4.e3 Bf5 5.Nc3 e6 6.Nh4 Bg6 7.Qb3 Qc7 8.Nxg6 hxg6
9.h3 Nbd7 10.Bd2 a6 11.Rc1 Bd6 12.Be2 Qb8 13.cxd5 exd5 14.g4 g5 15.Qc2 g6
16.e4 dxe4 17.Nxe4 Bf4 18.Nxg5 Nb6 19.Kf1 Nbd5 20.Re1 Kf8 21.h4 Qd6 22.Bf3 Rd8
23.Ne4 Nxe4 24.Rxe4 Bxd2 25.Qxd2 Nc7 26.h5 Kg7 27.Qg5 Rd7 28.Kg2 Ne6 29.h6+ Kh7
30.Qf6 Qe7 31.Qxe7 Rxe7 32.g5 Rd7 33.Re5 Rxd4 34.Rhe1 Nf4+ 35.Kg3 Nd3 36.R1e4 Rd6
37.Re7 Rf8 38.Be2 Nc5 39.Rf4 Rd7 40.Rxd7 Nxd7 41.Re4 Kh8 42.Re7 Nc5 43.Bc4 Kg8
44.b4 b5 45.Bxf7+ Rxf7 46.Re8+ Kh7 47.bxc5 a5 48.f4 a4 49.Kg4 Rd7 50.Rc8 b4
51.Rxc6 Ra7 52.Rb6 b3 53.a3 Rd7 54.c6  1-0